=LDR 00000nam 2200000 4500 =001 INLIS000000000015854 =005 20130612111128 =008 ***********************************Ind** =035 ##$$0010-061300000015854 =041 ##$$a Ind =082 ##$$a 372. 83 =090 ##$$a 372. 83, Sai i =100 ##$$a Saidiharjo, H =245 ##$$a Ilmu Pengetahuan Sosial (IPS SD 94) I, untuk kelas 3 sekolah dasar sesuai kurikulum pendidikan dasar 1994 GBPP, prof. Dr. H. Saidjiharjo M.Pd =260 ##$$a 1995 $b Solo =300 ##$$a 80 hlm., ilm., 20 cm =650 ##$$a Pendidikan dasar - Pelajaran IPS =850 ##$$a NBPNMAT